000 00455cam a2200169 4500
020 _a0030841852
040 _cDLC
082 0 0 _a301 HOL 1974 A016 Or.
100 1 _aJohnson, Willis H.
245 1 4 _aThe environmental challenge,
260 _aNew York,
_bHolt, Rinehart and Winston
_c[1974]
300 _aviii, 357 p.
_billus.
_c23 cm.
650 0 _aEcology.
650 0 _aEnvironmental protection.
700 1 _aSteere, William Campbell,
942 _cEK
999 _c11620
_d11620